000 00804nam a2200205Ii 4500
003 JO-AjNU
008 230605s9999||||xx |||||||||||||| ||und||
040 _aJO-AjNU
_bara
_erda
_cJO-AjNU
041 _aara
050 1 4 _aBP155.D8322 1994
100 3 _aضويان، إبراهيم بن محمد بن سالم,
_eauthor
_943723
245 0 0 _aفهرس منار السبيل في شرح الدليل
264 3 1 _aالكويت: وزارة الاوقاف والشئون والمقدسات الاسلامية، 1994
300 _a217ص
336 _atext
_btxt
_2rdacontent
337 _aunmediated
_bn
_2rdamedia
338 _avolume
_bnc
_2rdacarrier
490 0 _aأعمال موسوعية مساعدة ( الفهارس والمعاجم الفقهيه) 9
650 4 _aالفقة الحنبلي
_943724
999 _aA18817
_c22385
_d22385